000 01139nam a22002411a 4500
001 19185
003 OSt
005 20260204212442.0
008 190326s2019||||dr ||||||b||||||||||spa||
090 _aEDU-IN 2018 J45
100 1 _aPaulino Jiménez, Rosa Iris
_esustentante
245 1 _aLa socialización como estrategia para el aprendizaje significativo del nivel inicial/Rosa Iris Paulino Jiménez, Mayerlin Santana Hernández, Loly Altagracia Cabrera Diplán ; asesor Fior D´Aliza Báez
260 _aCotuí, República Dominicana :
_bUTECO,
_c2018
300 _avi, 83 hojas :
_bIlustraciones ;
_c28cm.
502 _aTrabajo de grado (Licenciatura en Educación Inicial)--Universidad Tecnológica del Cibao Oriental, 2018
504 _aIncluye referencia bibliográfica e índice
650 1 _aLa socialización como estrategia para el aprendizaje
700 1 _aMayerlin Santana Hernández,
_esustentante
700 1 _aLoly Altagracia Cabrera Diplán ;
_esustentante
700 1 _aFior D´Aliza Báez
_easesor
830 _aTesis y disertaciones académicas (Universidad Tecnológica del Cibao Oriental)
942 _2LC
_cTH
999 _c19185
_d19185